Drapeaux des pays nord-américain. - Statistiques

Statistiques générales
  • Ce quiz a été pris 1 779 fois
    1 669 depuis la dernière actualisation
  • Le résultat moyen est 18 sur 23
Statistiques - réponses
Par images Réponse % Correct
États-Unis
98%
Mexique
98%
Canada
97%
Jamaïque
95%
Cuba
91%
Panama
87%
Costa Rica
84%
Barbade
81%
Honduras
81%
République dominicaine
80%
Haiti
79%
Bahamas
74%
Nicaragua
74%
Guatemala
73%
Sainte-Lucie
73%
Salvadore
72%
Bélize
71%
Dominique
67%
Trinité-et-Tobago
67%
Saint-Vincent-et-les-Grenadines
66%
Antigua-et-Barbuda
64%
Grenade
64%
Saint-Christophe-et-Niévès
58%
Aucun quiz correspondant
Distribution des résultats
% des personnes avec chaque résultat
Percentile par nombre de réponses
Votre historique - résultats
Vous n’avez pas pris ce quiz depuis la dernière actualisation